000 00322nam a22001457a 4500
003 OSt
005 20160727222354.0
008 160622b xxu||||| |||| 00| 0 eng d
040 _cTest
100 _9478
_aRoders, M
245 _aFreaky Friday
260 _aN.V Scholastic
_c1972
300 _aFreaky Friday
942 _2ddc
_cBK
999 _c398
_d398